Normal view
MARC view
- Upadhye Ketaki- 2K221066 & Tanuja Deshpande -Guide
Entry Personal Name
001 - CONTROL NUMBER
- control field: 208185
003 - CONTROL NUMBER IDENTIFIER
- control field: OSt
005 - DATE AND TIME OF LATEST TRANSACTION
- control field: 20240809154822.0
008 - FIXED-LENGTH DATA ELEMENTS
- fixed length control field: 240809|| aca||aabn | a|a d
040 ## - CATALOGING SOURCE
- Original cataloging agency: OSt
- Transcribing agency: OSt
100 ## - HEADING--PERSONAL NAME
- Personal name: Upadhye Ketaki- 2K221066 & Tanuja Deshpande -Guide
670 ## - SOURCE DATA FOUND
- Source citation: Work cat.: (OSt)359422: Upadhye Ketaki- 2K221066 & Tanuja Deshpande -Guide, A Comprehensive study on Integrated Financial Analysis and Operational Efficiency, March-2024